[Event "4NCL/Div3/BCA vs. HACK"]
[Site "Staverton Park ENG"]
[Date "2009.02.08"]
[Round "6.6"]
[White "Perryman, Dylan"]
[Black "Hilton, Steve"]
[Result "1-0"]
[WhiteElo "1755"]
[BlackElo "1897"]
[PlyCount "67"]
[EventDate "2009.02.08"]
[SourceDate "2008.10.04"]

1. c4 Nf6 2. d4 g6 3. Nc3 d5 4. Bg5 Ne4 5. Nxe4 dxe4 6. g3 Bg7 7. Be3 O-O 8.
Rb1 e5 9. d5 b6 10. Bg2 f5 11. Qd2 Nd7 12. Nh3 Nf6 13. f3 exf3 14. exf3 a5 15.
O-O Qe7 16. Rfe1 Ba6 17. b3 Rad8 18. Bd4 Ne8 19. Nf4 Bc8 20. Nd3 e4 21. Bxg7
Qxg7 22. fxe4 Qd4+ 23. Kh1 fxe4 24. Rxe4 Qg7 25. Rbe1 Nd6 26. Re7 Rf7 27. Qg5
Rdf8 28. Nf4 Nf5 29. Rxf7 Qxf7 30. d6 Kh8 31. Bd5 Qg7 32. dxc7 Qxc7 33. g4 Nd4
34. Nxg6+ 1-0

[Event "4NCL/Div3/GLOSG vs. NOTT1"]
[Site "Staverton Park ENG"]
[Date "2009.02.08"]
[Round "6.1"]
[White "Hosken, Nigel"]
[Black "Richmond, Robert J"]
[Result "1-0"]
[WhiteElo "2057"]
[BlackElo "2223"]
[PlyCount "95"]
[EventDate "2009.02.08"]
[SourceDate "2008.10.04"]

1. d4 Nf6 2. c4 c5 3. d5 e5 4. Nc3 d6 5. e4 Be7 6. g3 a6 7. a4 O-O 8. Bg2 Nbd7
9. Nge2 Ne8 10. O-O Kh8 11. h3 g6 12. Bh6 Rg8 13. Kh2 g5 14. f4 exf4 15. gxf4
g4 16. Ng3 Rg6 17. Nf5 Nb8 18. Nxe7 Qxe7 19. Bg5 f6 20. Bh4 gxh3 21. Bf3 Qg7
22. Rg1 Qh6 23. Bg3 Nd7 24. Qe2 Nf8 25. Bh5 Bd7 26. Bxg6 Nxg6 27. Raf1 b6 28.
e5 Bf5 29. Ne4 Rd8 30. exd6 Nxd6 31. Nxd6 Rxd6 32. Qe8+ Qf8 33. Qxf8+ Nxf8 34.
Re1 Ng6 35. Re8+ Kg7 36. Rge1 h5 37. R1e3 b5 38. Rc8 bxc4 39. Rxc5 Rb6 40. Re2
Rb4 41. d6 Bg4 42. Rc7+ Kh6 43. d7 Rb8 44. Rd2 Rd8 45. Rxc4 Bxd7 46. Rcd4 Nf8
47. Rd6 Kg6 48. Bh4 1-0

[Event "4NCL/Div3/GLOSG vs. NOTT1"]
[Site "Staverton Park ENG"]
[Date "2009.02.08"]
[Round "6.2"]
[White "Levens, David"]
[Black "Lambourne, Daniel M"]
[Result "1/2-1/2"]
[WhiteElo "2009"]
[BlackElo "2003"]
[PlyCount "112"]
[EventDate "2009.02.08"]
[SourceDate "2008.10.04"]

1. e4 c5 2. Nf3 d6 3. d4 cxd4 4. Nxd4 Nf6 5. Nc3 Nc6 6. Be3 g6 7. f3 Bg7 8. Qd2
Nd7 9. O-O-O Nxd4 10. Bxd4 Bxd4 11. Qxd4 O-O 12. h4 Nf6 13. e5 Nh5 14. Ne4 Bf5
15. exd6 Bxe4 16. fxe4 exd6 17. Bc4 Qe7 18. g4 Nf6 19. h5 Qe5 20. hxg6 hxg6 21.
Qxd6 Qxd6 22. Rxd6 Kg7 23. e5 Nxg4 24. e6 Ne5 25. Bd5 Rad8 26. Rxd8 Rxd8 27.
Bxb7 f5 28. Rd1 Rxd1+ 29. Kxd1 Kf6 30. Bd5 g5 31. b4 Ng6 32. c4 Ke5 33. a4 Kd6
34. a5 Ne7 35. b5 Kc7 36. Kd2 f4 37. Bf3 Kd6 38. Bg4 Ng6 39. b6 axb6 40. a6 Kc7
41. Kc3 Kb8 42. Kd4 Ka7 43. Bh5 Ne7 44. Ke5 Kxa6 45. Kf6 Nc8 46. Kxg5 Kb7 47.
Kxf4 Kc6 48. Ke5 Kc5 49. Be2 Ne7 50. Kf6 Kd6 51. Bf3 Ng8+ 52. Kg7 Ne7 53. Kf7
Nc8 54. Kf8 Ne7 55. Bd5 Nf5 56. Ke8 b5 1/2-1/2

[Event "4NCL/Div3/GLOSG vs. NOTT1"]
[Site "Staverton Park ENG"]
[Date "2009.02.08"]
[Round "6.3"]
[White "Gilmour, Andrew J"]
[Black "Walker, Andrew N"]
[Result "1/2-1/2"]
[WhiteElo "2070"]
[BlackElo "2070"]
[PlyCount "64"]
[EventDate "2009.02.08"]
[SourceDate "2008.10.04"]

1. e4 e5 2. Bc4 Nf6 3. d3 Bc5 4. Nc3 d6 5. f4 exf4 6. Bxf4 Nc6 7. Nf3 Bg4 8.
Qd2 O-O 9. Rf1 Na5 10. Bg5 Bb4 11. Bb3 Nxb3 12. axb3 Qe7 13. O-O-O Qe6 14. h3
Bxf3 15. Bxf6 Qxf6 16. Rxf3 Bxc3 17. bxc3 Qe6 18. Re1 a5 19. d4 a4 20. d5 Qd7
21. b4 Rae8 22. Kb2 Qb5 23. Qd3 Qxd3 24. cxd3 b5 25. Ref1 Re7 26. Ka3 Rb8 27.
Rf5 g6 28. Rf6 Rb6 29. R1f4 Kg7 30. Rf3 Kg8 31. R3f4 Rb8 32. Rf3 Rb6 1/2-1/2

[Event "4NCL/Div3/GLOSG vs. NOTT1"]
[Site "Staverton Park ENG"]
[Date "2009.02.08"]
[Round "6.4"]
[White "Kingston, Ian"]
[Black "Meade, Philip J"]
[Result "0-1"]
[WhiteElo "2023"]
[BlackElo "2055"]
[PlyCount "74"]
[EventDate "2009.02.08"]
[SourceDate "2008.10.04"]

1. d4 Nf6 2. c4 e6 3. Nc3 Bb4 4. Qc2 c5 5. e3 Nc6 6. Nf3 d5 7. cxd5 exd5 8. Be2
O-O 9. O-O Re8 10. dxc5 Bxc5 11. Rd1 Nb4 12. Qd2 Be6 13. a3 Nc6 14. b4 Bb6 15.
Bb2 Rc8 16. Na4 Bc7 17. Nc5 b6 18. Na6 Bd6 19. Bb5 Rf8 20. Rac1 Ne7 21. Bxf6
gxf6 22. Qb2 Kg7 23. Nd4 Rg8 24. Nc6 Nxc6 25. Bxc6 Be5 26. Qd2 Bxh2+ 27. Kh1
Qd6 28. b5 Qe5 29. Qe2 Kh8 30. Rd4 Qg5 31. g4 Be5 32. f4 Qh4+ 33. Qh2 Qxh2+ 34.
Kxh2 Bxd4 35. exd4 Rxg4 36. f5 Rcg8 37. Rc3 Rg2+ 0-1

[Event "4NCL/Div3/GLOSG vs. NOTT1"]
[Site "Staverton Park ENG"]
[Date "2009.02.08"]
[Round "6.5"]
[White "Taylor, Geoffrey P"]
[Black "Place, William"]
[Result "0-1"]
[WhiteElo "2019"]
[BlackElo "1965"]
[PlyCount "110"]
[EventDate "2009.02.08"]
[SourceDate "2008.10.04"]

1. e4 c5 2. Nf3 e6 3. d4 cxd4 4. Nxd4 Nf6 5. Nc3 d6 6. Be2 a6 7. a4 Nc6 8. Be3
Be7 9. O-O O-O 10. f4 Qc7 11. Qe1 Bd7 12. Qf2 Rfd8 13. Nb3 Re8 14. a5 Nb4 15.
Bb6 Qb8 16. Bf3 Bc6 17. Nd4 d5 18. e5 Nd7 19. Nce2 Nxb6 20. axb6 Bc5 21. c3 Nd3
22. Qg3 Nxb2 23. Kh1 Nc4 24. Bh5 g6 25. Rf3 Kf8 26. Qg5 gxh5 27. Rg3 Qd8 28.
Qg7+ Ke7 29. Nxe6 Kxe6 30. f5+ Kd7 31. e6+ Kc8 32. Qxf7 Qe7 33. Qxh5 Nxb6 34.
Qh6 Kb8 35. Rg7 Qf8 36. Qxh7 Qh8 37. Qg6 Bd6 38. h3 d4 39. Kg1 dxc3 40. f6 Ka7
41. e7 Rg8 42. Qg5 Rxg7 43. fxg7 Qh7 44. Nd4 Re8 45. Re1 Bd5 46. Nf5 Bb4 47.
Rc1 Bb3 48. Rb1 Bc5+ 49. Kh2 Be6 50. Rf1 Bxf5 51. Rxf5 Bxe7 52. Qg4 Rg8 53. Rf7
Bd6+ 54. g3 Qc2+ 55. Kg1 Bc5+ 0-1

[Event "4NCL/Div3/GLOSG vs. NOTT1"]
[Site "Staverton Park ENG"]
[Date "2009.02.08"]
[Round "6.6"]
[White "Combie, Alexander"]
[Black "Dodwell, Phil"]
[Result "1/2-1/2"]
[WhiteElo "1950"]
[BlackElo "2005"]
[PlyCount "66"]
[EventDate "2009.02.08"]
[SourceDate "2008.10.04"]

1. d4 f5 2. c4 e6 3. g3 Nf6 4. Bg2 Be7 5. Nf3 O-O 6. O-O d6 7. Nc3 Ne4 8. Qc2
Nxc3 9. Qxc3 Bf6 10. b4 Qe8 11. Bb2 Nd7 12. Qc2 Qh5 13. e4 fxe4 14. Qxe4 e5 15.
dxe5 Nxe5 16. Nxe5 dxe5 17. Rfe1 c6 18. Bxe5 Re8 19. f4 Bf5 20. Qd4 Red8 21.
Qb2 Qf7 22. Bxf6 gxf6 23. b5 Rac8 24. bxc6 bxc6 25. Rad1 Rxd1 26. Rxd1 Bg4 27.
Rd6 Qe7 28. Qd2 Rb8 29. h3 Rb1+ 30. Kh2 Rd1 31. Qxd1 Bxd1 32. Rxd1 Kf8 33. Rb1
Qc7 1/2-1/2

[Event "4NCL/Div3/OXF2 vs. SSC"]
[Site "Staverton Park ENG"]
[Date "2009.02.08"]
[Round "6.1"]
[White "Bruce, Dave"]
[Black "Graham, David B"]
[Result "1/2-1/2"]
[WhiteElo "2091"]
[BlackElo "2212"]
[PlyCount "45"]
[EventDate "2009.02.08"]
[SourceDate "2008.10.04"]

1. e4 e6 2. d4 d5 3. Nd2 c5 4. c3 Nc6 5. Ngf3 cxd4 6. cxd4 dxe4 7. Nxe4 Nf6 8.
Bd3 Nxe4 9. Bxe4 Qa5+ 10. Bd2 Bb4 11. a3 Bxd2+ 12. Qxd2 Qxd2+ 13. Kxd2 O-O 14.
Bxc6 bxc6 15. Rhc1 Rb8 16. b4 Rb5 17. Ne5 f6 18. Nxc6 Bb7 19. Na5 Bxg2 20. Rc7
Rf7 21. Rc8+ Rf8 22. Rc7 Rf7 23. Rc8+ 1/2-1/2

[Event "4NCL/Div3/OXF2 vs. SSC"]
[Site "Staverton Park ENG"]
[Date "2009.02.08"]
[Round "6.2"]
[White "Elliston, Robert"]
[Black "Stembridge, Ed"]
[Result "0-1"]
[WhiteElo "2128"]
[BlackElo "2062"]
[PlyCount "56"]
[EventDate "2009.02.08"]
[SourceDate "2008.10.04"]

1. g3 d5 2. Nf3 Nf6 3. Bg2 Nbd7 4. c4 c6 5. cxd5 cxd5 6. d4 e6 7. O-O Bd6 8.
Nc3 a6 9. a4 O-O 10. Re1 Rb8 11. e4 Nxe4 12. Nxe4 dxe4 13. Rxe4 Nf6 14. Bg5 b5
15. Bxf6 Qxf6 16. Ne5 Bxe5 17. dxe5 Qg5 18. axb5 Rxb5 19. f4 Qe7 20. Re2 Qa7+
21. Kh1 Bb7 22. Qd6 Rd5 23. Qb4 Rb8 24. h3 Rb5 25. Qc3 Rb3 26. Qa5 Rxg3 27.
Bxb7 Qxb7+ 28. Kh2 Qf3 0-1

[Event "4NCL/Div3/OXF2 vs. SSC"]
[Site "Staverton Park ENG"]
[Date "2009.02.08"]
[Round "6.3"]
[White "Morris, Graham"]
[Black "Salimbeni, George"]
[Result "1/2-1/2"]
[WhiteElo "2022"]
[BlackElo "2100"]
[PlyCount "148"]
[EventDate "2009.02.08"]
[SourceDate "2008.10.04"]

1. e4 e5 2. Nf3 Nc6 3. d4 exd4 4. Nxd4 Nf6 5. Nxc6 bxc6 6. e5 Qe7 7. Qe2 Nd5 8.
c4 Nb6 9. Nd2 a5 10. Qe4 g6 11. Bd3 Bg7 12. f4 O-O 13. O-O Re8 14. Re1 Ba6 15.
b3 a4 16. Bb2 Qb4 17. Qe2 d5 18. Rab1 Rad8 19. Kh1 a3 20. Ba1 Bh6 21. g3 Bb7
22. Nf3 c5 23. cxd5 Nxd5 24. Be4 Ba8 25. Rbc1 Nb6 26. Bc3 Qxe4 27. Qxe4 Bxe4
28. Rxe4 Rd3 29. Kg2 Red8 30. Ba5 Bf8 31. Bxb6 cxb6 32. Ra4 b5 33. Rxa3 c4 34.
Ra7 c3 35. a3 Bc5 36. Rc7 Bxa3 37. R1xc3 Rxc3 38. Rxc3 b4 39. Re3 Bc1 40. Re4
Ba3 41. Rc4 Rd3 42. Rc8+ Kg7 43. Rc7 Kg8 44. Ng5 Rxb3 45. Nxf7 Rb2+ 46. Kh3 b3
47. Rb7 Rb1 48. Nd6 Bxd6 49. exd6 b2 50. d7 Rd1 51. Rxb2 Rxd7 52. Kg4 Kg7 53.
Rb5 Kf6 54. Rb6+ Kg7 55. Re6 Kf7 56. Re5 Kf6 57. Ra5 Rb7 58. Ra6+ Kg7 59. Ra3
Rc7 60. Kf3 Kf6 61. g4 Rc6 62. g5+ Kg7 63. Ra7+ Kg8 64. Kg4 Rb6 65. h4 Rb1 66.
Ra3 Rg1+ 67. Rg3 Rh1 68. Rh3 Rg1+ 69. Kf3 Rf1+ 70. Kg3 Kg7 71. h5 h6 72. Rh2
gxh5 73. Rxh5 hxg5 74. Rxg5+ Kf6 1/2-1/2

[Event "4NCL/Div3/OXF2 vs. SSC"]
[Site "Staverton Park ENG"]
[Date "2009.02.08"]
[Round "6.4"]
[White "Payne, Matthew"]
[Black "Rawlinson, Chris"]
[Result "1-0"]
[WhiteElo "1865"]
[BlackElo "2047"]
[PlyCount "71"]
[EventDate "2009.02.08"]
[SourceDate "2008.10.04"]

1. e4 e6 2. d4 d5 3. Nc3 Nf6 4. Bg5 Be7 5. e5 Nfd7 6. Bxe7 Qxe7 7. f4 a6 8. Nf3
c5 9. Bd3 Nc6 10. dxc5 Nxc5 11. Qd2 Bd7 12. O-O-O b5 13. Ne2 Nb4 14. Kb1 Nbxd3
15. cxd3 a5 16. Ng3 b4 17. Nd4 O-O 18. Rhe1 Na4 19. f5 Rfc8 20. f6 gxf6 21. Nh5
fxe5 22. Qh6 f5 23. Nf6+ Kf7 24. Nf3 Qxf6 25. Nxe5+ Qxe5 26. Rxe5 Ke7 27. Qxh7+
Kd6 28. Re2 Rh8 29. Qg7 Nc5 30. Qe5+ Kc6 31. d4 Ne4 32. Rc1+ Kb5 33. Qc7 Rhd8
34. Rxe4 fxe4 35. Rc5+ Ka4 36. b3+ 1-0

[Event "4NCL/Div3/OXF2 vs. SSC"]
[Site "Staverton Park ENG"]
[Date "2009.02.08"]
[Round "6.5"]
[White "Ludbrook, Matt"]
[Black "Woods, Tim"]
[Result "0-1"]
[WhiteElo "2011"]
[BlackElo "1900"]
[PlyCount "88"]
[EventDate "2009.02.08"]
[SourceDate "2008.10.04"]

1. e4 d6 2. Nc3 g6 3. g3 Bg7 4. Bg2 Nf6 5. h3 Nc6 6. d3 e5 7. Be3 O-O 8. Qd2
Nd4 9. Nd1 Nh5 10. c3 Ne6 11. Bf3 Nf6 12. g4 c6 13. Ne2 d5 14. g5 Ne8 15. d4
dxe4 16. Bxe4 Nd6 17. f3 Nc4 18. Qd3 Nxe3 19. Nxe3 exd4 20. cxd4 Nxd4 21. Rd1
Qa5+ 22. Nc3 Qxg5 23. Kf2 Qh4+ 24. Kg2 Be5 25. f4 Qxf4 26. Nc4 Qg5+ 27. Kf2
Qh4+ 28. Kg2 Ne6 29. Ne2 Rd8 30. Qe3 Rxd1 31. Rxd1 Nf4+ 32. Nxf4 Bxf4 33. Qc3
Be6 34. Na5 Qg5+ 35. Kh1 Be5 36. Qd3 Qf4 37. Rd2 Bxh3 38. Nxb7 Qf1+ 39. Qxf1
Bxf1 40. Bxc6 Rc8 41. Na5 Bh3 42. Kg1 Be6 43. a3 Bc7 44. Nb7 Bb6+ 0-1

[Event "4NCL/Div3/OXF2 vs. SSC"]
[Site "Staverton Park ENG"]
[Date "2009.02.08"]
[Round "6.6"]
[White "Yates, Christopher"]
[Black "Neatherway, Philip"]
[Result "1/2-1/2"]
[WhiteElo "1835"]
[BlackElo "1960"]
[PlyCount "50"]
[EventDate "2009.02.08"]
[SourceDate "2008.10.04"]

1. d4 d5 2. c4 dxc4 3. Nf3 Nf6 4. e3 Bg4 5. Bxc4 e6 6. O-O Nbd7 7. Nc3 Bd6 8.
e4 e5 9. Be2 Bxf3 10. Bxf3 exd4 11. Qxd4 Ne5 12. Rd1 Nfg4 13. Bxg4 Nxg4 14. f4
Qh4 15. h3 h5 16. e5 O-O-O 17. Be3 c5 18. Qe4 Nxe3 19. Qxe3 Be7 20. Nb5 g5 21.
e6 Qxf4 22. Qxf4 gxf4 23. exf7 a6 24. Nc3 Rhf8 25. Ne4 Rxf7 1/2-1/2

[Event "4NCL/Div3/FPONTY vs. ICENI"]
[Site "Staverton Park ENG"]
[Date "2009.02.08"]
[Round "6.1"]
[White "Sully, David"]
[Black "Reynolds, D Ian"]
[Result "1-0"]
[WhiteElo "2135"]
[BlackElo "2108"]
[PlyCount "43"]
[EventDate "2009.02.08"]
[SourceDate "2008.10.04"]

1. e4 e5 2. Nf3 Nc6 3. Nc3 Nf6 4. g3 d5 5. exd5 Nxd5 6. Bg2 Nb6 7. O-O Be7 8.
Re1 f6 9. d4 Nxd4 10. Nxd4 exd4 11. Nb5 c6 12. Nxd4 Kf7 13. c3 Re8 14. Qh5+ Kg8
15. Be4 g6 16. Bxg6 hxg6 17. Qxg6+ Kh8 18. Bh6 Rg8 19. Qf7 Bf8 20. Qh5 Qd5 21.
Bg5+ Kg7 22. Qh6+ 1-0

[Event "4NCL/Div3/FPONTY vs. ICENI"]
[Site "Staverton Park ENG"]
[Date "2009.02.08"]
[Round "6.2"]
[White "Lunn, Timothy"]
[Black "Adams, Mark A"]
[Result "1/2-1/2"]
[WhiteElo "2056"]
[BlackElo "2033"]
[PlyCount "113"]
[EventDate "2009.02.08"]
[SourceDate "2008.10.04"]

1. Nf3 Nf6 2. c4 e6 3. d4 b6 4. g3 Bb7 5. Bg2 c5 6. d5 exd5 7. Nh4 d6 8. Nc3
Nbd7 9. Nxd5 Nxd5 10. Bxd5 Qc7 11. O-O Bc6 12. Bf4 Ne5 13. Qd2 Bxd5 14. Qxd5
Qc6 15. Qxc6+ Nxc6 16. Rfd1 O-O-O 17. Nf5 Kc7 18. Rd2 g6 19. Ne3 Nd4 20. Nd5+
Kc6 21. Bg5 Re8 22. Bf6 Bh6 23. f4 Rhf8 24. Kf2 Ne6 25. Rad1 Rd8 26. Nc3 Bg7
27. Bxg7 Nxg7 28. Nb5 Ne8 29. Nxa7+ Kb7 30. Nb5 Kc6 31. e4 f6 32. Ke3 Rf7 33.
e5 fxe5 34. fxe5 Re7 35. Kf4 dxe5+ 36. Ke3 Rxd2 37. Rxd2 Re6 38. Rd8 h5 39.
Rc8+ Kd7 40. Rb8 Nf6 41. Rb7+ Kc8 42. Rc7+ Kd8 43. h3 Nd7 44. Ra7 Rf6 45. Nc3
Rf1 46. Nd5 Ke8 47. Rb7 Rg1 48. Kf2 Rb1 49. b3 Rb2+ 50. Kf3 Rxa2 51. Nxb6 Nf6
52. Nd5 Nd7 53. Nc3 Rb2 54. g4 Rd2 55. Ne4 Rd3+ 56. Kg2 Rd4 57. Kf3 1/2-1/2

[Event "4NCL/Div3/FPONTY vs. ICENI"]
[Site "Staverton Park ENG"]
[Date "2009.02.08"]
[Round "6.3"]
[White "Robinson, David"]
[Black "Feavyour, John"]
[Result "1/2-1/2"]
[WhiteElo "1987"]
[BlackElo "2073"]
[PlyCount "84"]
[EventDate "2009.02.08"]
[SourceDate "2008.10.04"]

1. e4 c5 2. c3 g6 3. d4 cxd4 4. cxd4 d5 5. exd5 Nf6 6. Bb5+ Bd7 7. Bc4 Bg7 8.
Nc3 Qb6 9. Nf3 O-O 10. Ne5 Na6 11. O-O Rac8 12. Bb3 Nc7 13. Bg5 Bb5 14. Re1 h6
15. Bxf6 exf6 16. Nxg6 fxg6 17. d6+ Kh7 18. dxc7 Bd7 19. Nd5 Qd6 20. Rc1 Bc6
21. Ne7 Rxc7 22. Re6 Qb4 23. Rc4 Qxe7 24. Rxe7 Rxe7 25. Rc3 f5 26. Re3 Rd7 27.
d5 Rfd8 28. Rd3 Bxb2 29. f4 Bb5 30. Ba4 Rc7 31. Bxb5 Rc1 32. d6 Rxd1+ 33. Rxd1
Ba3 34. d7 Bc5+ 35. Kf1 Kg7 36. Re1 Kf6 37. Re8 Be7 38. Ke2 a6 39. Rxd8 Bxd8
40. Bd3 g5 41. fxg5+ hxg5 42. h3 Ke6 1/2-1/2

[Event "4NCL/Div3/FPONTY vs. ICENI"]
[Site "Staverton Park ENG"]
[Date "2009.02.08"]
[Round "6.4"]
[White "Szymanski, Mark"]
[Black "Davis, Lee"]
[Result "0-1"]
[WhiteElo "1985"]
[BlackElo "1954"]
[PlyCount "108"]
[EventDate "2009.02.08"]
[SourceDate "2008.10.04"]

1. d4 Nf6 2. Nf3 g6 3. c4 Bg7 4. Nc3 d6 5. e3 O-O 6. Be2 a6 7. O-O Nbd7 8. b3
e5 9. Qc2 Re8 10. Bb2 exd4 11. Nxd4 Ne5 12. h3 Bd7 13. Rad1 Qe7 14. Nd5 Qd8 15.
Nf3 Bf5 16. Qc1 Nxd5 17. cxd5 Nxf3+ 18. Bxf3 Bxb2 19. Qxb2 Qg5 20. Kh1 Be4 21.
Bxe4 Rxe4 22. Qc2 Qe7 23. Rc1 Rc8 24. Rfd1 Re5 25. Rd3 c5 26. dxc6 Rxc6 27. Qd2
Rxc1+ 28. Qxc1 Rc5 29. Qd2 Qc7 30. Qe2 Rc2 31. Rd2 Rc1+ 32. Kh2 d5+ 33. g3 Qc6
34. f3 Qc3 35. Qf2 b5 36. h4 h5 37. g4 Qe5+ 38. f4 Qe4 39. Kg3 Qh1 40. Qh2 Rg1+
41. Rg2 Rxg2+ 42. Qxg2 Qxg2+ 43. Kxg2 hxg4 44. Kg3 f5 45. b4 Kf7 46. Kf2 Ke6
47. Ke2 d4 48. exd4 Kd5 49. Ke3 Kc4 50. d5 Kxd5 51. Kd3 g3 52. Ke3 g2 53. Kf2
g1=Q+ 54. Kxg1 Ke4 0-1

[Event "4NCL/Div3/FPONTY vs. ICENI"]
[Site "Staverton Park ENG"]
[Date "2009.02.08"]
[Round "6.5"]
[White "StClair, Allan"]
[Black "Downham, Alan"]
[Result "1/2-1/2"]
[WhiteElo "1941"]
[BlackElo "1995"]
[PlyCount "125"]
[EventDate "2009.02.08"]
[SourceDate "2008.10.04"]

1. d4 d5 2. Nf3 c6 3. c3 Bf5 4. Bf4 e6 5. Qb3 Qb6 6. e3 Be7 7. Nbd2 Nf6 8. Be2
Nbd7 9. Ne5 Nxe5 10. Bxe5 O-O 11. O-O Nd7 12. Bg3 c5 13. f3 Bg6 14. f4 Rac8 15.
Bf3 Bd3 16. Rfe1 f5 17. Be2 Bxe2 18. Rxe2 Qa6 19. Ree1 c4 20. Qc2 b5 21. a3 Qb6
22. Ra2 a5 23. Rea1 Rc6 24. Nf3 Rfc8 25. Ne5 Nxe5 26. fxe5 Qb7 27. h3 Ra6 28.
Be1 Rca8 29. Bd2 g5 30. g4 fxg4 31. hxg4 Rf8 32. Kg2 Bd8 33. Rf1 Rxf1 34. Kxf1
Qf7+ 35. Kg2 Kg7 36. Ra1 Qg6 37. Qxg6+ Kxg6 38. Kg3 Be7 39. Kf3 Ra8 40. Kg3 Rf8
41. Rh1 Rf7 42. Be1 Kg7 43. Bf2 b4 44. axb4 axb4 45. Ra1 bxc3 46. bxc3 Rf8 47.
Ra7 Kf7 48. Be1 Rb8 49. Bd2 Rb2 50. Bc1 Rb3 51. Bd2 Ra3 52. Rxa3 Bxa3 53. e4 h6
54. exd5 exd5 55. Kf3 Kg6 56. Kg3 Bb2 57. Kf3 Ba3 58. Kg3 Be7 59. Kf3 Kf7 60.
Bc1 Ke6 61. Bd2 Kd7 62. Ke2 Ke6 63. Kf3 1/2-1/2

[Event "4NCL/Div3/FPONTY vs. ICENI"]
[Site "Staverton Park ENG"]
[Date "2009.02.08"]
[Round "6.6"]
[White "Botham, Paul"]
[Black "Davis, Ashley"]
[Result "1-0"]
[WhiteElo "2042"]
[BlackElo "1740"]
[PlyCount "31"]
[EventDate "2009.02.08"]
[SourceDate "2008.10.04"]

1. d4 c5 2. d5 Nf6 3. Nc3 d6 4. e4 g6 5. Nf3 Bg7 6. Be2 O-O 7. O-O Nbd7 8. h3
Nb6 9. Bf4 a6 10. a4 Ne8 11. a5 Nd7 12. Re1 e6 13. dxe6 fxe6 14. Bxd6 Nxd6 15.
Qxd6 Re8 16. Red1 1-0

[Event "4NCL/Div3/GUI5 vs. KJCAK"]
[Site "Staverton Park ENG"]
[Date "2009.02.08"]
[Round "6.1"]
[White "Gibbs, Daniel"]
[Black "Jones, William"]
[Result "0-1"]
[WhiteElo "1925"]
[BlackElo "2030"]
[PlyCount "39"]
[EventDate "2009.02.08"]
[SourceDate "2008.10.04"]

1. d4 Nf6 2. Nf3 g6 3. c4 Bg7 4. Nc3 O-O 5. e4 d6 6. h3 e5 7. d5 a5 8. Bg5 h6
9. Be3 Na6 10. g4 Nc5 11. Nd2 Nh7 12. Nb3 Nxb3 13. axb3 f5 14. gxf5 gxf5 15.
exf5 Bxf5 16. Bd3 Bxd3 17. Qxd3 Qh4 18. Nb5 Rf7 19. Qd2 Ng5 20. Bxg5 0-1

[Event "4NCL/Div3/GUI5 vs. KJCAK"]
[Site "Staverton Park ENG"]
[Date "2009.02.08"]
[Round "6.2"]
[White "Jones, Victor"]
[Black "Shaw, Matthew"]
[Result "1-0"]
[WhiteElo "1993"]
[BlackElo "1925"]
[PlyCount "65"]
[EventDate "2009.02.08"]
[SourceDate "2008.10.04"]

1. e4 e6 2. d4 d5 3. Nc3 Nf6 4. e5 Nfd7 5. f4 c5 6. Nf3 Nc6 7. Be3 cxd4 8. Nxd4
Bc5 9. Qd2 O-O 10. O-O-O a6 11. Qf2 Nxd4 12. Bxd4 Qc7 13. Bd3 b5 14. Qh4 g6 15.
Ne2 b4 16. Rhf1 a5 17. Rf3 Re8 18. Bb5 Be7 19. Qg4 Ba6 20. Bxa6 Rxa6 21. Kb1 a4
22. h4 h5 23. Qg3 Rc8 24. Rd2 a3 25. f5 exf5 26. Nf4 Nxe5 27. Nxd5 Nxf3 28.
Qxf3 Qd6 29. Re2 Bxh4 30. Re5 Rac6 31. Qe3 Qd8 32. Qh6 Qf8 33. Re8 1-0

[Event "4NCL/Div3/GUI5 vs. KJCAK"]
[Site "Staverton Park ENG"]
[Date "2009.02.08"]
[Round "6.3"]
[White "Deswarte, Ian"]
[Black "Bayliss, Lyall C P"]
[Result "0-1"]
[WhiteElo "1950"]
[BlackElo "1971"]
[PlyCount "68"]
[EventDate "2009.02.08"]
[SourceDate "2008.10.04"]

1. e4 e5 2. Nf3 Nc6 3. Bb5 a6 4. Ba4 Nf6 5. Qe2 Be7 6. c3 b5 7. Bb3 O-O 8. O-O
d5 9. exd5 Nxd5 10. d4 exd4 11. Qe4 Be6 12. a4 b4 13. cxd4 Nf6 14. Qxc6 Bxb3
15. Bf4 Bd5 16. Qxc7 Qxc7 17. Bxc7 Rac8 18. Bf4 Rc2 19. Re1 Re8 20. Nbd2 Rxb2
21. Rac1 Ra2 22. Nc4 b3 23. Nfd2 b2 24. Rb1 Bxc4 25. Nxc4 Ba3 26. Be5 Nd5 27.
Nxa3 Nc3 28. Bd6 Rc8 29. Bc5 Nxb1 30. Nxb1 Rxa4 31. Re2 Rc4 32. Re1 Rc1 33. Kf1
Re8 34. Bb4 Rexe1+ 0-1

[Event "4NCL/Div3/GUI5 vs. KJCAK"]
[Site "Staverton Park ENG"]
[Date "2009.02.08"]
[Round "6.4"]
[White "Lunn, Matt"]
[Black "Waldock, Adrian"]
[Result "1-0"]
[WhiteElo "1882"]
[BlackElo "1925"]
[PlyCount "77"]
[EventDate "2009.02.08"]
[SourceDate "2008.10.04"]

1. d4 f5 2. g3 Nf6 3. Bg2 e6 4. c4 Be7 5. Nf3 O-O 6. O-O d5 7. b3 c6 8. Ba3 Bd7
9. Qc1 Ne4 10. Bxe7 Qxe7 11. Nbd2 Be8 12. Nxe4 fxe4 13. Ne5 Nd7 14. Nxd7 Bxd7
15. Qe3 Rf6 16. f3 exf3 17. exf3 Re8 18. f4 Qb4 19. a3 Qf8 20. a4 Qb4 21. Qd3
g6 22. Bh3 Qf8 23. cxd5 cxd5 24. Rae1 a6 25. Qd2 Qd6 26. Re5 Qa3 27. Qe3 b5 28.
axb5 axb5 29. Re1 Qd6 30. g4 Qf8 31. f5 gxf5 32. gxf5 Re7 33. Kh1 Rg7 34. fxe6
Rf3 35. Qe2 Rxh3 36. exd7 Rxh2+ 37. Kxh2 Qf4+ 38. Kh1 Qh4+ 39. Qh2 1-0

[Event "4NCL/Div3/GUI5 vs. KJCAK"]
[Site "Staverton Park ENG"]
[Date "2009.02.08"]
[Round "6.5"]
[White "Albrecht, Theo"]
[Black "Maguire, Robert"]
[Result "0-1"]
[WhiteElo "1840"]
[BlackElo "1702"]
[PlyCount "58"]
[EventDate "2009.02.08"]
[SourceDate "2008.10.04"]

1. e4 e5 2. d3 Nf6 3. Nf3 Nc6 4. c3 Bc5 5. Be2 O-O 6. b4 Bd6 7. O-O Ne7 8. a4
c6 9. Na3 Bc7 10. Nc4 Ng6 11. Ne3 d5 12. Qc2 Nf4 13. Re1 Be6 14. Ng5 Bd7 15.
Nf1 Nxe4 16. Nxe4 dxe4 17. Bxf4 exf4 18. dxe4 Qg5 19. Bf3 Rae8 20. Qd3 Bc8 21.
b5 Re6 22. Nd2 Rh6 23. Qe2 Re8 24. Nf1 Ree6 25. Bg4 Reg6 26. f3 Bxg4 27. fxg4
Bb6+ 28. Kh1 Qc5 29. Nd2 Rxh2+ 0-1

[Event "4NCL/Div3/CELT2 vs. FCA2"]
[Site "Staverton Park ENG"]
[Date "2009.02.08"]
[Round "6.1"]
[White "Thomas, Mark"]
[Black "Weighell, Mark"]
[Result "0-1"]
[WhiteElo "2015"]
[BlackElo "2103"]
[PlyCount "92"]
[EventDate "2009.02.08"]
[SourceDate "2008.10.04"]

1. e4 e5 2. f4 exf4 3. Bc4 Be7 4. Nc3 Bh4+ 5. Kf1 d6 6. d4 Ne7 7. Bxf4 Ng6 8.
Be3 O-O 9. Qh5 Be6 10. d5 Ne5 11. Be2 g6 12. Qh6 Ng4 13. Bxg4 Bxg4 14. g3 Bf6
15. Kg2 Bg7 16. Qf4 Bc8 17. Nf3 Nd7 18. Nd4 Ne5 19. Rad1 a6 20. h3 Qe7 21. Rhe1
Bd7 22. a4 Rae8 23. g4 Nc4 24. Bc1 Qh4 25. Qg3 Qd8 26. Nf3 h6 27. Re2 Kh7 28.
Rde1 Ne5 29. Rf1 Re7 30. Ref2 Qe8 31. Qh4 Nxf3 32. Rxf3 Rxe4 33. Bg5 f5 34.
Nxe4 Qxe4 35. Re1 Qxd5 36. Re7 Rf7 37. Rxf7 Qxf7 38. Kf2 Bc6 39. Rf4 Qd5 40.
Ke3 fxg4 41. Rxg4 Qe5+ 42. Kd3 Bf3 43. Be3 Bxg4 44. Qxg4 Qxb2 45. Qc4 Qa3+ 46.
c3 c6 0-1

[Event "4NCL/Div3/CELT2 vs. FCA2"]
[Site "Staverton Park ENG"]
[Date "2009.02.08"]
[Round "6.2"]
[White "Valentine, Brian J"]
[Black "Kitchen, Peter J"]
[Result "1-0"]
[WhiteElo "1997"]
[BlackElo "1895"]
[PlyCount "99"]
[EventDate "2009.02.08"]
[SourceDate "2008.10.04"]

1. e4 e5 2. Nf3 Nc6 3. Bb5 a6 4. Ba4 Nf6 5. O-O Be7 6. d3 b5 7. Bb3 d6 8. c3
O-O 9. Nbd2 Bg4 10. h3 Bh5 11. Re1 h6 12. Nf1 Nh7 13. Ng3 Bg6 14. Bd5 Qd7 15.
d4 Rad8 16. a4 Nf6 17. axb5 axb5 18. Qe2 exd4 19. Bxc6 Qxc6 20. Nxd4 Qb7 21.
Qxb5 Qxb5 22. Nxb5 c6 23. Nd4 c5 24. Nc6 Rd7 25. Bf4 Re8 26. Nxe7+ Rexe7 27. f3
d5 28. e5 Nh5 29. Nxh5 Bxh5 30. Ra5 g5 31. Bg3 d4 32. Rxc5 d3 33. Rd1 d2 34.
Bf2 Rd8 35. Bd4 f6 36. Kf2 fxe5 37. Rxe5 Rxe5 38. Bxe5 Rd3 39. Ke2 Bg6 40. Rxd2
Rxd2+ 41. Kxd2 Kf7 42. f4 gxf4 43. Bxf4 h5 44. Ke3 Ke6 45. c4 Bc2 46. b4 Kf5
47. g3 Be4 48. g4+ hxg4 49. hxg4+ Kxg4 50. Kxe4 1-0